000 00499nam a22001817a 4500
003 OSt
005 20250505155356.0
008 250505b |||||||| |||| 00| 0 eng d
020 _a978100950265
082 _a780.954
_bSCHM
100 _aSchofield, Katherine Butler
245 _aMusic and musicians in late mughal india: Histories of the ephemeral, 1748- 1858
260 _aNew Delhi
_bCambridge University Press
300 _a315P.
546 _aEnglish
651 _aMusic
942 _2ddc
_cBK
999 _c3774
_d3774